00445nam a2200121Ia 4500008004100000020001800041050002700059100002300086245013500109260005100244300002100295521000700316140609s9999 xx 000 0 und d a9789718342770 aBS 2675.53b.W545 2011 aWiersbe, Warren W. aBe wise :bdiscern the difference between man’s knowledge and God’s wisdom : NT commentary, I Corinthians /cWarren W. Wiersbe aManila, Philippines :bVineyard Books,cc2010. a187 p. ;c21 cm. aGE